Central Library OPAC University of Rajshahi

Utilization of some Fishes and Other Fisheries Items / (Record no. 83945)

MARC details
000 -LEADER
fixed length control field 01033nam a2200253 a 4500
001 - CONTROL NUMBER
RUCL Control Number 83945
003 - CONTROL NUMBER IDENTIFIER
rucl marc code BD-RjUL
005 - DATE AND TIME OF LATEST TRANSACTION
control field 20240701101803.0
008 - FIXED-LENGTH DATA ELEMENTS--GENERAL INFORMATION
fixed length control field 240701s2006 bg a|||| m||| 00| 0 eng d
035 ## - SYSTEM CONTROL NUMBER
system control number (BD-RjUL)83945
040 ## - CATALOGING SOURCE
Original cataloging agency BD-RjUL
Language of cataloging eng
Transcribing agency BD-RjUL
Modifying agency BD-RjUL
041 ## - LANGUAGE CODE
Language code of Book eng
082 ## - DEWEY DECIMAL CLASSIFICATION NUMBER
DDC Edition number 23
Classification number 639.2
Author mark and Year FLU 2006
100 ## - MAIN ENTRY--PERSONAL NAME
Personal name Flowra, Fawzia Adib
9 (RLIN) 6862
245 10 - TITLE STATEMENT
Title Utilization of some Fishes and Other Fisheries Items /
Statement of responsibility, etc By Fawzia Adib Flowra ;
Name of Supervisor/Co-Supervisor Supervisor : Md. Altaf Hossain, Supervisor : N. I. M. Abdus Salam Bhuiyan
260 ## - PUBLICATION, DISTRIBUTION, ETC. (IMPRINT)
Place of publication, distribution, etc Rajshahi :
Name of publisher, distributor, etc Department of Fisheries Faculty of Agriculture, University of Rajshahi,
Date of publication, distribution, etc 2006
300 ## - PHYSICAL DESCRIPTION
Pagination x, 148 Leaves :
Other physical details ill, ;
Dimensions 29 cm.
502 ## - DISSERTATION NOTE
Dissertation note Thesis (Ph. D.) -- Department of Fisheries Faculty of Agriculture, University of Rajshahi, 2006
504 ## - BIBLIOGRAPHY, ETC. NOTE
Bibliography, etc References : Leaves 127-148
650 ## - SUBJECT ADDED ENTRY--TOPICAL TERM
Topical term or geographic name as entry element Commercial Fishries
Form subdivision Utilization
9 (RLIN) 13411
700 ## - ADDED ENTRY--SUPERVISOR/CO-SUPERVISOR NAME
Personal name Hossain, Md. Altaf, Supervisor
9 (RLIN) 13412
Personal name Bhuiyan, N. I. M. Abdus Salam, Supervisor
9 (RLIN) 5027
942 ## - ADDED ENTRY ELEMENTS (KOHA)
Source of classification or shelving scheme Dewey Decimal Classification
Koha item type Theses
Holdings
Source of classification or shelving scheme Damaged status Not for loan Collection code Permanent Location Current Location Shelving location Date of accession Source of acquisition Total Checkouts Full call number Barcode Date last seen Copy number Thesis
Dewey Decimal Classification   Not For Loan Theses Central Library, University of Rajshahi Central Library, University of Rajshahi Documentation Section 18/11/2007 Controller of Exam. R. U.   THE 639.2 FLU 2006 D2648 01/07/2024 C-I Theses